000 00301nam a2200121Ia 4500
008 190216s9999||||xx |||||||||||||| ||und||
100 _aAnand J & Sarna D
245 0 _aObjective Elementary Mathematics
260 _bBright Careers
_c1968
300 _a112p
650 _aMathematics
942 _cREF
999 _c35697
_d35697